000 00932nam a22002417a 4500
005 20160122094615.0
010 _aENG-114453
020 _c595.00
_a9789380755229
035 _aEN-97985
037 _bDBAD/PUB
082 _a954.52
100 _aAscoli, F.D.
245 _aEarly revenue of history of Bengal and the fifth report, 1812 /
_cby F.D. Ascoli
260 _aKolkata
_bAruna Prakashan
_c2012
270 _a2, Kalidas Singha Lane
_bKolkata
_e700009
300 _a272p.
_c22cm(Hb)
500 _a "Copy of the fifth report from the Select Committee of the House of Commons on the affairs of the East India Company, 28th July 1812": pages 85-261.
500 _aIncludes index
610 _aEast India Company.
650 _aRevenue
_zIndia
_zBengal.
710 _a Great Britain.
_bParliament.
_bHouse of Commons.
_bSelect Committee on the East India Company.
942 _2ddc
_cEN
_mASC
_h954.52
999 _c98049
_d98049